| 000 | 00838pam a2200229 a 4500 | ||
|---|---|---|---|
| 020 | _a0691022623 (pbk.) : | ||
| 020 | _a0691077320 (alk. paper) : | ||
| 082 | 0 | 0 |
_a337 _bGIL |
| 100 | 1 |
_aGilpin, Robert. _9538 |
|
| 245 | 1 | 4 |
_aThe political economy of international relations / _cRobert Gilpin, with the assistance of Jean M. Gilpin. |
| 260 |
_aPrinceton, N.J. : _bPrinceton University Press, _c1987. |
||
| 300 |
_axvi, 449 p. ; _c25 cm. |
||
| 500 | _aIncludes index. | ||
| 526 |
_a0 _b0 _c0 _d337_000000000000000_GIL |
||
| 526 |
_a0 _b0 _c0 _d337_000000000000000_GIL |
||
| 650 | 0 |
_aCommercial policy. _937182 |
|
| 650 | 0 |
_aInternational economic relations. _9539 |
|
| 650 | 0 |
_aInternational finance. _93156 |
|
| 700 | 1 |
_aGilpin, Jean M. _9540 |
|
| 856 | 4 | 2 | _uhttp://www.loc.gov/catdir/enhancements/fy0654/86025562-d.html |
| 942 |
_2ddc _cBK |
||
| 999 |
_c553633 _d553633 |
||